Normal view
MARC view
- تأليف آل أحمد، جلال ؛ ترجمة وتقديم عبد الوهاب علوب ؛ مراجعة زبيدة علي أشكناني
Entry Personal Name
001 - CONTROL NUMBER
- control field: 49078
003 - CONTROL NUMBER IDENTIFIER
- control field: JO-AjAnu
005 - DATE AND TIME OF LATEST TRANSACTION
- control field: 20230606082105.0
008 - FIXED-LENGTH DATA ELEMENTS
- fixed length control field: 230606|| aca||aabn | a|a d
040 ## - CATALOGING SOURCE
- Original cataloging agency: JO-AjAnu
- Transcribing agency: JO-AjAnu
100 ## - HEADING--PERSONAL NAME
- Personal name: تأليف آل أحمد، جلال ؛ ترجمة وتقديم عبد الوهاب علوب ؛ مراجعة زبيدة علي أشكناني
670 ## - SOURCE DATA FOUND
- Source citation: Work cat.: (JO-AjAnu)25102: تأليف آل أحمد، جلال ؛ ترجمة وتقديم عبد الوهاب علوب ؛ مراجعة زبيدة علي أشكناني, author, نون والقلم (رواية)